=LDR 00000nam 2200000 4500 =001 INLIS000000000047951 =005 20160314102537.0 =006 =007 =008 =020 ##$$a 3 - 905158 06 - X =035 ##$$0010-031600000000064 =082 ##$$a 613 =090 ##$$a 613 $b Opi d =100 ##$$a Opitz, Christian =245 ##$$a Die gesundheits-revolution : $b lebende makromolekule / $c Christian Opitz =260 ##$$a Jerman : $b Bewusstes Dascin, $c 1990. =300 ##$$a 86 hlm. : $b ilus. ; $c 21 cm =500 ##$$a Bibliografi : hlm. 83 - 84 =650 ##$$a Kesehatan